undertale character catch phrases - Statistics

General Stats
  • This quiz has been taken 1,710 times
  • The average score is 13 of 15
Answer Stats
Hint Answer % Correct
'NYEH-HEH-HEH' papyrus
100%
'do you wana have a bad time?' sans
100%
'greetings my child' toriel
99%
'its kill or be killed' flowey
98%
'hey punk' undyne
95%
'ooohhhh yeeeeesss' mettaton
94%
hOi! temmie
94%
'mew mew kissy cutey is neither kissy or cutey alphys
93%
'would you like a cup of tea?' asgore
92%
'undyne is SO COOL' monsterkid
91%
'i like to lie on the ground and feel like garbage' napstablook
86%
'this next experiment seems...' gaster
71%
'futile,futile!FUTILE!' mad dummy
69%
'take it from me little buddy' burgerpants
57%
'i dont know why these arn't selling??' nicecream guy
42%
No matching quizzes found
Score Distribution
Percent of People with Each Score
Percentile by Number Answered
Your Score History
You have not taken this quiz